[Event "Ì13Ï"]
[Site "Loo"]
[Date "2017.04.24"]
[Round "5.24"]
[White "Êóçíåöîâ, Âàäèì."]
[Black "Ìàòóùàê, Íèêèòà."]
[Result "1/2-1/2"]
[WhiteElo "1628"]
[BlackElo "1406"]
[PlyCount "137"]
[EventDate "2017.04.20"]

1. d4 Nf6 2. c4 e6 3. Nf3 b6 4. g3 Ba6 5. b3 Bb4+ 6. Bd2 Be7 7. Bc3 Bb7 8. Bg2
O-O 9. Nbd2 d6 10. Qc2 Nbd7 11. e4 c5 12. O-O Qc7 13. Rad1 Rfd8 14. d5 exd5 15.
exd5 Re8 16. Bh3 b5 17. Ng5 Nf8 18. Nge4 Nxe4 19. Nxe4 bxc4 20. bxc4 Bc8 21.
Bxc8 Qxc8 22. Rfe1 Qg4 23. Qe2 Qg6 24. Rb1 f5 25. Nd2 Bf6 26. Qd3 Bxc3 27. Qxc3
Nd7 28. Nf3 Nb6 29. Qd3 Qg4 30. Rbc1 Re4 31. Nd2 Rd4 32. Qe3 f4 33. Qc3 fxg3
34. hxg3 Rf8 35. Kg2 Nd7 36. f3 Qg5 37. Ne4 Qg6 38. Rf1 Ne5 39. Rce1 Rxc4 40.
Qb3 Rb4 41. Qc3 Rfb8 42. Rf2 Nxf3 43. Qxf3 h6 44. Ree2 Rd4 45. Qf5 Qxf5 46.
Rxf5 Rb6 47. Kf3 Ra6 48. Re3 Kh7 49. a3 Kg6 50. g4 Rb6 51. Nf2 Kh7 52. Nd3 a5
53. Nf4 c4 54. Ne6 Rd1 55. Ke4 Rb3 56. Rff3 Rb5 57. Nd4 Rc5 58. Rc3 Re1+ 59.
Rfe3 Rg1 60. Ne6 Rb5 61. Rg3 Re1+ 62. Rce3 Rd1 63. Nd4 Rc5 64. g5 hxg5 65. Rxg5
c3 66. Rxg7+ Kxg7 67. Ne6+ Kf7 68. Nxc5 c2 69. Rf3+ 1/2-1/2

[Event "Ì13Ï"]
[Site "Loo"]
[Date "2017.04.24"]
[Round "5.26"]
[White "Áåëîâ, Äàíèëà."]
[Black "Õàëèóëëèí, Àëüáåðò."]
[Result "0-1"]
[WhiteElo "1518"]
[BlackElo "1930"]
[PlyCount "94"]
[EventDate "2017.04.20"]

1. e4 e6 2. d4 d5 3. exd5 exd5 4. c4 Nf6 5. Nf3 Bb4+ 6. Nc3 O-O 7. Bd3 Re8+ 8.
Be3 dxc4 9. Bxc4 Be6 10. Bxe6 Rxe6 11. O-O Nbd7 12. Rc1 Nb6 13. Qb3 Bd6 14.
Rfe1 h6 15. h3 c6 16. Bd2 Rxe1+ 17. Rxe1 Qc7 18. Ne4 Nxe4 19. Rxe4 Rd8 20. Ba5
Bf8 21. Ne5 Rd5 22. Nc4 Rb5 23. Qd3 Qd7 24. Nxb6 axb6 25. Bc3 Rd5 26. Qe3 Kh7
27. Re8 Bd6 28. Re4 f5 29. Re8 c5 30. dxc5 Rd1+ 31. Be1 bxc5 32. Kf1 c4 33. Qe6
Qxe6 34. Rxe6 Bb4 35. a3 Ba5 36. Re5 b6 37. f3 Rb1 38. Re2 b5 39. Kf2 Bxe1+ 40.
Rxe1 Rxb2+ 41. Re2 Rxe2+ 42. Kxe2 f4 43. Kd2 Kg6 44. Kc3 Kf5 45. a4 bxa4 46.
Kxc4 Kg5 47. Kb4 Kh4 0-1

[Event "Ì13Ï"]
[Site "Loo"]
[Date "2017.04.24"]
[Round "5.27"]
[White "Ñîèí, Íèêèòà."]
[Black "×óêëèí, Èâàí."]
[Result "1-0"]
[WhiteElo "1491"]
[BlackElo "1791"]
[PlyCount "69"]
[EventDate "2017.04.20"]

1. e4 c5 2. Nf3 Nc6 3. d4 cxd4 4. Nxd4 e5 5. Nf3 Nf6 6. Nc3 Bb4 7. Bd3 d5 8.
exd5 Nxd5 9. Bd2 Bxc3 10. bxc3 O-O 11. O-O h6 12. Re1 Qf6 13. Qe2 Nf4 14. Qe4
Nxd3 15. cxd3 Bf5 16. Qe3 Rfe8 17. Rad1 e4 18. dxe4 Rxe4 19. Qc5 Rae8 20. Be3
Bg4 21. Rd6 Qe7 22. Nd4 Nxd4 23. cxd4 b6 24. Qd5 Re6 25. Rc6 Rxc6 26. Qxc6 Rc8
27. Qb5 Qc7 28. h3 Bd7 29. Qb3 Qb7 30. d5 Bf5 31. Qb5 Be4 32. Rd1 Rd8 33. a3
Rxd5 34. Qe8+ Kh7 35. Qxe4+ 1-0

[Event "Ì13Ï"]
[Site "Loo"]
[Date "2017.04.24"]
[Round "5.28"]
[White "Íóäèí, Âëàäèñëàâ."]
[Black "Âàñèëüåâ, Èëüÿ."]
[Result "1-0"]
[WhiteElo "1493"]
[BlackElo "1779"]
[PlyCount "119"]
[EventDate "2017.04.20"]

1. e4 e6 2. c4 d5 3. exd5 exd5 4. cxd5 Nf6 5. Bb5+ Bd7 6. Bc4 Be7 7. Nc3 O-O 8.
Nf3 Bg4 9. h3 Bh5 10. O-O Nbd7 11. d3 Nb6 12. Be3 Nbxd5 13. Nxd5 Nxd5 14. Qb3
Bxf3 15. gxf3 Nb6 16. Bf4 Bd6 17. Bg3 Qf6 18. Kg2 Rad8 19. Rad1 g6 20. Rfe1 Kg7
21. Re4 Nxc4 22. Rxc4 Bxg3 23. fxg3 Qe5 24. Qc3 Qxc3 25. bxc3 c6 26. d4 Rfe8
27. Kf2 Re7 28. Rc5 Re6 29. Ra5 a6 30. Rb1 Re7 31. Re5 Rxe5 32. dxe5 b5 33. Ke3
Kf8 34. c4 Ke7 35. cxb5 cxb5 36. Rc1 b4 37. f4 Rd5 38. Rc7+ Kf8 39. Rb7 a5 40.
Ra7 Rb5 41. Kf2 Rc5 42. Ke1 Rd5 43. Ke2 Rb5 44. Ke3 b3 45. axb3 Rxb3+ 46. Kf2
Rb2+ 47. Kf3 Rb3+ 48. Kg4 h5+ 49. Kh4 Ra3 50. g4 a4 51. gxh5 gxh5 52. Kxh5
Rxh3+ 53. Kg4 Rb3 54. Kf5 a3 55. Kg5 Rc3 56. f5 Rb3 57. Kf6 Rb6+ 58. e6 Kg8 59.
Ra8+ Kh7 60. Kxf7 1-0

[Event "Ì13Ï"]
[Site "Loo"]
[Date "2017.04.24"]
[Round "5.29"]
[White "Õàíæèí, Òèìóð."]
[Black "Äèêóíîâ, Àðòåì."]
[Result "0-1"]
[WhiteElo "1751"]
[BlackElo "1518"]
[PlyCount "88"]
[EventDate "2017.04.20"]

1. Nf3 c5 2. g3 Nf6 3. Bg2 e6 4. O-O d5 5. c4 dxc4 6. Na3 Be7 7. Nxc4 O-O 8. a4
Qc7 9. d3 Rd8 10. Bf4 Qd7 11. Nfe5 Qe8 12. Qb3 Nbd7 13. Nxd7 Qxd7 14. a5 Nd5
15. Ne5 Qe8 16. Bd2 Bd7 17. f4 Rab8 18. e4 Nb4 19. Bxb4 cxb4 20. Bh3 Rbc8 21.
f5 exf5 22. Bxf5 Bc5+ 23. Kh1 Qxe5 24. Bxd7 Rxd7 25. Rf5 Qe7 26. Raf1 Qe8 27.
Qc4 Bf8 28. Qb3 Rc5 29. R5f3 Rdc7 30. Qxb4 Rb5 31. Qd2 Bb4 32. Qe3 Bxa5 33.
Qxa7 Bb6 34. Qa3 Qf8 35. Qa2 Rbc5 36. Qa1 Rc2 37. b3 Qc8 38. Qe5 Rxh2+ 39. Kxh2
Rc2+ 40. R1f2 Bxf2 41. Qh5 Be3+ 42. Kh1 Rc1+ 43. Kg2 Qc2+ 44. Kh3 Rh1+ 0-1

[Event "Ì13Ï"]
[Site "Loo"]
[Date "2017.04.24"]
[Round "5.30"]
[White "Ñìèðíîâ, ßðîñëàâ."]
[Black "Èîíî÷êèí, Ìàêñèì."]
[Result "0-1"]
[WhiteElo "1488"]
[BlackElo "1745"]
[PlyCount "128"]
[EventDate "2017.04.20"]

1. d4 d5 2. c4 e6 3. Nf3 Nf6 4. e3 Be7 5. Nc3 O-O 6. Bd3 dxc4 7. Bxc4 a6 8. O-O
b5 9. Bb3 Bb7 10. a3 c5 11. Qe2 Nc6 12. Rd1 Qc7 13. Bc2 Rfd8 14. dxc5 Bxc5 15.
Ne4 Rxd1+ 16. Qxd1 Be7 17. Qe2 Na5 18. Nxf6+ Bxf6 19. Qd3 Rc8 20. Ne1 g6 21.
Rb1 Be5 22. f4 Bf6 23. Bd2 Nc4 24. Bc1 Bh4 25. g3 Be7 26. Bd1 Qa5 27. b4 Qb6
28. Bf3 Rd8 29. Qc3 Bf8 30. Kf2 Bg7 31. Qc2 Rd7 32. Bxb7 Qxb7 33. Nf3 Qd5 34.
Ke2 e5 35. e4 Qb7 36. fxe5 Nxe5 37. Nxe5 Bxe5 38. Rb3 Rc7 39. Qb1 Rc4 40. Ke3
Bf6 41. Kf3 Qc6 42. Bd2 Rc2 43. Qe1 Qc4 44. Re3 Bg5 45. Rc3 Rxc3+ 46. Bxc3 Qa2
47. h4 Bh6 48. Qa1 Qxa1 49. Bxa1 Bc1 50. Bc3 Kf8 51. Ke2 Ke7 52. Kd1 Bxa3 53.
Kc2 f5 54. exf5 gxf5 55. Bd2 a5 56. bxa5 Kd7 57. Kb3 Bd6 58. Bf4 Bc5 59. Bd2
Kc6 60. Bf4 Bf2 61. h5 Be1 62. a6 Kb6 63. Kc2 Kxa6 64. Bd6 Kb6 {
äàëåå çàïèñü íåðàçáîð~~èâà} 0-1

[Event "Ì13Ï"]
[Site "Loo"]
[Date "2017.04.24"]
[Round "5.31"]
[White "Àðáóçîâ, Òèìîôåé."]
[Black "Êîíüêîâ, Ìèõàèë."]
[Result "1-0"]
[WhiteElo "1694"]
[BlackElo "1497"]
[PlyCount "55"]
[EventDate "2017.04.20"]

1. e4 e6 2. d4 d5 3. Nc3 Nf6 4. Bg5 Be7 5. e5 Nfd7 6. h4 a6 7. Qg4 Bxg5 8. hxg5
c5 9. g6 f5 10. exf6 Nxf6 11. Rxh7 Nxh7 12. gxh7 Qf6 13. Nxd5 exd5 14. Qxc8+
Qd8 15. Qxb7 Qe7+ 16. Qxe7+ Kxe7 17. dxc5 Nd7 18. O-O-O Rxh7 19. Nh3 Nxc5 20.
Rxd5 Ne6 21. Bd3 Rhh8 22. Ra5 Rad8 23. Rxa6 Nc5 24. Ra7+ Kf6 25. Kd2 Rhe8 26.
f3 Re6 27. Nf2 g5 28. Ng4# 1-0

[Event "Ì13Ï"]
[Site "Loo"]
[Date "2017.04.24"]
[Round "5.32"]
[White "Ãîðÿ÷åâ, Âëàäèñëàâ."]
[Black "Òàòàðèíöåâ, Ìèõàèë."]
[Result "0-1"]
[WhiteElo "1479"]
[BlackElo "1690"]
[PlyCount "70"]
[EventDate "2017.04.20"]

1. e4 c5 2. c4 e6 3. Nc3 Nc6 4. g3 Nf6 5. Bg2 Be7 6. Nge2 O-O 7. O-O a6 8. d3
Rb8 9. f4 d6 10. h3 b5 11. e5 Bd7 12. exf6 Bxf6 13. Rb1 Qc7 14. Be3 g6 15. Ne4
Bg7 16. a3 a5 17. N2c3 Nd4 18. Kh1 Rb6 19. Bxd4 Bxd4 20. Ne2 Bg7 21. b3 f5 22.
N4c3 b4 23. axb4 Rxb4 24. g4 Bc6 25. Bxc6 Qxc6+ 26. Kh2 d5 27. Nb5 e5 28. Nec3
d4 29. Nd5 Re8 30. fxe5 Bxe5+ 31. Kg1 Rxb5 32. cxb5 Qxd5 33. gxf5 gxf5 34. Qd2
Kh8 35. Rbe1 Rg8+ 0-1

[Event "Ì13Ï"]
[Site "Loo"]
[Date "2017.04.24"]
[Round "5.33"]
[White "Òîðîïîâ, Ëåâ."]
[Black "Áàøåâ, Ôåäîð."]
[Result "0-1"]
[WhiteElo "1460"]
[BlackElo "1679"]
[PlyCount "72"]
[EventDate "2017.04.20"]

1. e4 d6 2. d4 Nf6 3. Nc3 g6 4. h3 Bg7 5. Nf3 O-O 6. Be3 a6 7. a4 Nbd7 8. a5 e5
9. dxe5 dxe5 10. Be2 Re8 11. O-O b5 12. axb6 cxb6 13. Qd3 Bb7 14. Nd2 b5 15. f3
Qc7 16. Bf2 Bh6 17. Be3 Nc5 18. Bxc5 Red8 19. Nd5 Qxc5+ 20. Kh1 Bxd2 21. Qxd2
Bxd5 22. exd5 Nxd5 23. Rfd1 Ne3 24. Qxd8+ Rxd8 25. Rxd8+ Kg7 26. Rd2 Qb6 27.
Bd3 f5 28. Re1 f4 29. Be4 Kf6 30. Rd7 h5 31. Re2 Nf1 32. Re1 Ne3 33. Re2 Qa5
34. g4 Qa1+ 35. Kh2 Nf1+ 36. Kg2 Ng3 0-1

[Event "Ì13Ï"]
[Site "Loo"]
[Date "2017.04.24"]
[Round "5.34"]
[White "Íèêîëàåâ, Àíäðåé."]
[Black "Êóïðèí, Àëåêñàíäð."]
[Result "0-1"]
[WhiteElo "1406"]
[BlackElo "1599"]
[PlyCount "72"]
[EventDate "2017.04.20"]

1. d4 d5 2. c4 e6 3. Nc3 Nf6 4. Nf3 Be7 5. Bf4 c6 6. e3 O-O 7. Qc2 h6 8. Bd3
Na6 9. a3 dxc4 10. Bxc4 Nd5 11. Nxd5 cxd5 12. Bxa6 Qa5+ 13. Qd2 Qxa6 14. Ne5
Bd6 15. Qe2 Qxe2+ 16. Kxe2 Bxe5 17. Bxe5 Bd7 18. Rac1 Rfc8 19. Bc7 Bc6 20. Bg3
g6 21. Rhd1 a6 22. Bd6 Ba4 23. Rxc8+ Rxc8 24. Bc5 Bxd1+ 25. Kxd1 Kg7 26. Kd2 h5
27. b4 Kf6 28. Kd3 Kf5 29. f3 g5 30. g3 g4 31. f4 f6 32. a4 e5 33. a5 exf4 34.
exf4 Re8 35. Kd2 Ke4 36. Ke1 Kf3+ 0-1

[Event "Ì13Ï"]
[Site "Loo"]
[Date "2017.04.24"]
[Round "5.35"]
[White "Ìîíãóø, Êåæèê."]
[Black "Ñàâèöêèé, Êèðèëë."]
[Result "1/2-1/2"]
[WhiteElo "1594"]
[BlackElo "1508"]
[PlyCount "103"]
[EventDate "2017.04.20"]

1. d4 Nf6 2. c4 c5 3. d5 g6 4. Nc3 d6 5. e4 Bg7 6. h3 O-O 7. Nf3 e6 8. Bd3 exd5
9. cxd5 Na6 10. a3 Nc7 11. O-O Re8 12. Bf4 a6 13. a4 Rb8 14. a5 b5 15. axb6
Rxb6 16. Qc2 Rb4 17. Nd2 Nh5 18. Bh2 Nb5 19. g4 Nd4 20. Qc1 Nf6 21. Ra4 Rxa4
22. Nxa4 Nxg4 23. hxg4 Bxg4 24. Bg3 Bh3 25. Re1 Qg5 26. Kh2 Bd7 27. Qd1 Qxd2
28. Qxd2 Nf3+ 29. Kg2 Nxd2 30. Nc3 c4 31. Re2 cxd3 32. Rxd2 Bxc3 33. bxc3 Rxe4
34. Rxd3 Bb5 35. Rd2 Rc4 36. Bxd6 Rxc3 37. Be5 Rc8 38. d6 Bd7 39. Bf6 Rb8 40.
Kf3 a5 41. Ke4 Rb7 42. Kd4 Kf8 43. Rc2 Ke8 44. Rc5 a4 45. Ra5 Rb8 46. f4 Rc8
47. Ra7 h5 48. Ra5 Rc6 49. Ra8+ Rc8 50. Ra5 Be6 51. Rxa4 Bd7 52. Ra5 1/2-1/2

[Event "Ì13Ï"]
[Site "Loo"]
[Date "2017.04.24"]
[Round "5.36"]
[White "Áóñûãèí, Êèðèëë."]
[Black "Êàðàïåòÿí, Âàãðàì."]
[Result "1-0"]
[WhiteElo "1468"]
[BlackElo "1589"]
[PlyCount "49"]
[EventDate "2017.04.20"]

1. d4 Nf6 2. Bf4 g6 3. Nf3 Bg7 4. h3 O-O 5. e3 d6 6. Be2 Nc6 7. O-O Nd7 8. c3
e5 9. Bh2 e4 10. Ne1 f5 11. Nd2 g5 12. f3 exf3 13. Bxf3 Nf6 14. Nc2 Ne7 15. e4
fxe4 16. Nxe4 h6 17. Qd2 Ng6 18. Nxf6+ Rxf6 19. Be4 Rxf1+ 20. Rxf1 Ne7 21. Ne3
d5 22. Bc2 Be6 23. Qd3 Bf7 24. Qh7+ Kf8 25. Be5 1-0

[Event "Ì13Ï"]
[Site "Loo"]
[Date "2017.04.24"]
[Round "5.37"]
[White "Þäèí, Äàíèë."]
[Black "Êîñòåíêî, Êèðèëë."]
[Result "0-1"]
[WhiteElo "1374"]
[BlackElo "1589"]
[PlyCount "90"]
[EventDate "2017.04.20"]

1. e4 c5 2. Nf3 d6 3. d4 cxd4 4. Nxd4 Nf6 5. Nc3 Nc6 6. Bb5 Bd7 7. Bg5 e6 8. b3
Be7 9. O-O O-O 10. Bc1 Rc8 11. Bb2 a6 12. Nxc6 Bxc6 13. Bxc6 Rxc6 14. Re1 Qc8
15. Re3 b5 16. Rc1 Rd8 17. Ne2 d5 18. exd5 Rxd5 19. Rd3 Rxd3 20. Qxd3 Rd6 21.
Qg3 Qxc2 22. Qxd6 Qxc1+ 23. Nxc1 Bxd6 24. g3 Nd5 25. Nd3 f6 26. Kf1 Kf7 27. Ke2
Nb4 28. Ba3 a5 29. Nxb4 Bxb4 30. Bxb4 axb4 31. Kd3 Ke7 32. Kc2 Kd6 33. Kd3 Kd5
34. f3 g6 35. f4 f5 36. Ke3 e5 37. h4 e4 38. Ke2 Kd4 39. Kd2 e3+ 40. Kd1 Kd3
41. Ke1 e2 42. g4 fxg4 43. h5 Ke3 44. f5 g3 45. fxg6 g2 0-1

[Event "Ì13Ï"]
[Site "Loo"]
[Date "2017.04.24"]
[Round "5.38"]
[White "Ãóõìàí, Ñåðãåé."]
[Black "Øèëÿåâ, Ìàðê."]
[Result "1/2-1/2"]
[WhiteElo "1580"]
[BlackElo "1469"]
[PlyCount "82"]
[EventDate "2017.04.20"]

1. d4 d5 2. c4 dxc4 3. e3 e5 4. d5 c6 5. e4 Nf6 6. Bg5 Be7 7. Bxf6 Bxf6 8. Nc3
O-O 9. Bxc4 cxd5 10. Bxd5 Nc6 11. Nge2 Qb6 12. Qd2 Rd8 13. f3 Be6 14. O-O-O
Rac8 15. Kb1 a6 16. g4 Qc7 17. Qe3 Qe7 18. Qf2 Bh4 19. Qg2 b5 20. f4 b4 21. Na4
exf4 22. Nxf4 Bg5 23. Nh3 Bf6 24. Bxc6 Rxc6 25. e5 Bxa2+ 26. Ka1 Rxd1+ 27. Rxd1
Bb3 28. Qxc6 Bxd1 29. exf6 Bxa4 30. Qxa4 Qe1+ 31. Ka2 Qe6+ 32. Qb3 Qxg4 33.
fxg7 a5 34. Qd3 Qe6+ 35. Qb3 Qg4 36. Nf2 Qg2 37. Nh3 Qg4 38. Qd3 Qe6+ 39. b3
Qc6 40. Qd2 a4 41. Ng5 Qa8 1/2-1/2

[Event "Ì13Ï"]
[Site "Loo"]
[Date "2017.04.24"]
[Round "5.39"]
[White "Àçèìîâ, Òèìóð."]
[Black "Æàâîðîíêîâ, Àëåêñàíäð."]
[Result "0-1"]
[WhiteElo "1281"]
[BlackElo "1572"]
[PlyCount "72"]
[EventDate "2017.04.20"]

1. e4 c5 2. Nf3 d6 3. d4 cxd4 4. Nxd4 Nf6 5. Nc3 g6 6. Be3 Bg7 7. f3 O-O 8. Bc4
Nc6 9. Qd2 Bd7 10. O-O-O Rc8 11. Bb3 Ne5 12. Kb1 Nc4 13. Bxc4 Rxc4 14. g4 a6
15. h4 b5 16. h5 Qc8 17. hxg6 fxg6 18. Bh6 Rf7 19. Bxg7 Kxg7 20. Qh6+ Kg8 21.
Qg5 b4 22. Nce2 Qc5 23. Qxc5 Rxc5 24. Nb3 Rc8 25. Rd4 Bb5 26. Ng3 Nd7 27. Nd2
Ne5 28. Rxb4 Nxf3 29. Nxf3 Rxf3 30. Rb3 Rf2 31. c3 Bd3+ 32. Kc1 Rg2 33. Rh3 Rf8
34. c4 Bxc4 35. Ra3 Rff2 36. Rh1 Rxb2 0-1

[Event "Ì13Ï"]
[Site "Loo"]
[Date "2017.04.24"]
[Round "5.40"]
[White "Çûðÿíîâ, Êîíñòàíòèí."]
[Black "Ëîáîâ, Àëåêñàíäð."]
[Result "1-0"]
[WhiteElo "1571"]
[BlackElo "1447"]
[PlyCount "139"]
[EventDate "2017.04.20"]

1. e4 c5 2. c3 Nf6 3. e5 Nd5 4. d4 cxd4 5. Qxd4 Nb6 6. Nf3 Nc6 7. Qe4 d5 8.
exd6 Qxd6 9. Bf4 Qe6 10. Nbd2 Qxe4+ 11. Nxe4 Bf5 12. Nc5 O-O-O 13. Nb3 e6 14.
Nbd4 Nxd4 15. Nxd4 Bg6 16. O-O-O Bd6 17. Bxd6 Rxd6 18. Be2 Rhd8 19. Nb5 Rxd1+
20. Rxd1 Rxd1+ 21. Kxd1 a6 22. Nd6+ Kc7 23. Ne8+ Kd7 24. Nxg7 Na4 25. Kc1 Nc5
26. Nh5 Nd3+ 27. Bxd3 Bxd3 28. Nf4 Be4 29. g3 e5 30. Ne2 Bd5 31. b3 b5 32. Kd2
Kd6 33. Nc1 a5 34. Kd3 f6 35. c4 Bc6 36. cxb5 Bxb5+ 37. Ke4 Kc5 38. a3 Kd6 39.
b4 axb4 40. axb4 Ke6 41. Nb3 f5+ 42. Ke3 Kd5 43. Nd2 h6 44. h3 Bd7 45. h4 h5
46. Nf3 Bb5 47. Ng5 Kc4 48. Nf7 Kd5 49. Ng5 Kc4 50. Nf7 Kd5 51. f3 Bc6 52. Ng5
Bb5 53. Nh7 Ke6 54. f4 Bc4 55. Ng5+ Kf6 56. fxe5+ Kxe5 57. Nf3+ Kd5 58. Kf4 Bd3
59. Ne5 Be4 60. Ng6 Ke6 61. Kg5 Bf3 62. Nf4+ Ke5 63. Nxh5 Ke4 64. Nf4 Bg4 65.
h5 Bxh5 66. Nxh5 Ke5 67. b5 Kd6 68. Kxf5 Kc5 69. g4 Kxb5 70. g5 1-0

[Event "Ì13Ï"]
[Site "Loo"]
[Date "2017.04.24"]
[Round "5.41"]
[White "Ñòåïàíîâ, Ïàâåë."]
[Black "Âàëèóëëèí, Ðàôàýëü."]
[Result "1-0"]
[WhiteElo "1559"]
[BlackElo "1444"]
[PlyCount "73"]
[EventDate "2017.04.20"]

1. d4 d6 2. c4 e5 3. d5 Be7 4. e4 Nf6 5. Nc3 O-O 6. g3 a5 7. Bg2 Ne8 8. Nge2 g6
9. O-O Ng7 10. f4 f5 11. Be3 Na6 12. a3 Rb8 13. Rb1 b6 14. b4 axb4 15. axb4 Bd7
16. Qb3 Kh8 17. Ra1 Bc8 18. Ra2 Bf6 19. Rd2 Bb7 20. fxe5 Bxe5 21. Bd4 Bxd4+ 22.
Nxd4 fxe4 23. Nxe4 Rxf1+ 24. Bxf1 Qe7 25. Bg2 Rf8 26. Qc3 Kg8 27. Re2 Qf7 28.
Bh3 Bc8 29. Rf2 Qe7 30. Bxc8 Rxc8 31. Ne6 Kh8 32. N4g5 Kg8 33. Rf7 Qxf7 34.
Nxf7 Kxf7 35. Qxg7+ Ke8 36. Qf8+ Kd7 37. Qf7# 1-0

[Event "Ì13Ï"]
[Site "Loo"]
[Date "2017.04.24"]
[Round "5.42"]
[White "Äàâèäÿí, Âëàäèìèð."]
[Black "Çóåâ, Àëåêñàíäð."]
[Result "0-1"]
[WhiteElo "1252"]
[BlackElo "1559"]
[PlyCount "100"]
[EventDate "2017.04.20"]

1. e4 c5 2. d4 cxd4 3. c3 dxc3 4. Nxc3 Nc6 5. Bc4 e6 6. Nf3 d6 7. O-O Nf6 8.
Qe2 Be7 9. Rd1 e5 10. Bg5 O-O 11. Rac1 Bg4 12. Bxf6 Bxf6 13. Nb5 a6 14. Nc3 Bg5
15. Rb1 Nd4 16. Qd3 Bxf3 17. gxf3 Bf4 18. Ne2 Nxe2+ 19. Qxe2 Qh4 20. Kf1 Qxh2
21. Ke1 Qh1+ 22. Qf1 Qxf3 23. Qd3 Qh1+ 24. Ke2 Qh5+ 25. Qf3 Qxf3+ 26. Kxf3 Rac8
27. Bb3 Rfd8 28. Rd5 Kf8 29. Rh1 h6 30. Rhd1 Ke7 31. Ke2 Bc1 32. Rg1 g6 33.
Rdd1 Bxb2 34. Rb1 Bd4 35. Bd5 b6 36. Rgc1 Rc5 37. f3 Rb8 38. Rxc5 Bxc5 39. a4
b5 40. axb5 Rxb5 41. Rxb5 axb5 42. Kd3 g5 43. Ke2 Kf6 44. Kf1 Kg6 45. Kg2 f5
46. Kg3 h5 47. exf5+ Kxf5 48. Be4+ Ke6 49. Bg6 h4+ 50. Kg4 Be3 0-1

[Event "Ì13Ï"]
[Site "Loo"]
[Date "2017.04.24"]
[Round "5.43"]
[White "Ëèòâèíîâ, Äìèòðèé."]
[Black "Ïóãèí, Ñòåïàí."]
[Result "1-0"]
[WhiteElo "1548"]
[BlackElo "1425"]
[PlyCount "136"]
[EventDate "2017.04.20"]

1. e4 e5 2. Nf3 Nc6 3. Bb5 g6 4. Nc3 Bg7 5. O-O Nge7 6. d3 O-O 7. Be3 h6 8. d4
exd4 9. Nxd4 f5 10. Nxc6 bxc6 11. Bc4+ Kh7 12. exf5 Nxf5 13. Bd2 d5 14. Bd3 Qh4
15. Rb1 Be5 16. g3 Qh3 17. Re1 Bd4 18. Bf4 g5 19. Re7+ Kg8 20. Bxf5 Bxf2+ 21.
Kxf2 Qxf5 22. Qd4 Qf6 23. Qxf6 Rxf6 24. Ke3 gxf4+ 25. gxf4 Re6+ 26. Rxe6 Bxe6
27. Rg1+ Kf7 28. Ne2 c5 29. Ng3 Rg8 30. Rd1 Ke7 31. Re1 Kd6 32. Rd1 Rb8 33. b3
Re8 34. Kf2 Bg4 35. Rd2 c6 36. c3 a5 37. Rc2 h5 38. Ne2 Re4 39. Rd2 Ke6 40. f5+
Bxf5 41. Ng3 Rh4 42. Kg1 Be4 43. Rf2 Rh3 44. c4 h4 45. Nxe4 dxe4 46. Rf8 Rd3
47. Rf4 Ke5 48. Rxh4 Rd2 49. Rh8 Kd4 50. h4 Ke3 51. Re8 Rd6 52. h5 Rh6 53. Re5
Kd4 54. Rf5 a4 55. Kf2 a3 56. Ke2 Rh7 57. Rg5 Rh8 58. Rf5 Rh6 59. Rg5 Rh7 60.
Kd2 Rf7 61. Ke2 Rh7 62. Kd2 Rh6 63. Ke2 Rh7 64. Rf5 Rg7 65. h6 Rh7 66. Rh5 Kc3
67. Ke3 Kb2 68. Rh2+ Kb1 1-0

[Event "Ì13Ï"]
[Site "Loo"]
[Date "2017.04.24"]
[Round "5.44"]
[White "Ãðîìîâîé, Êèðèëë."]
[Black "Ñåðîâ, Àëåêñàíäð."]
[Result "0-1"]
[WhiteElo "1227"]
[BlackElo "1539"]
[PlyCount "84"]
[EventDate "2017.04.20"]

1. e4 c6 2. d4 d5 3. Nc3 dxe4 4. Nxe4 Bf5 5. Ng3 Bg6 6. Nf3 e6 7. Bd3 Bxd3 8.
Qxd3 Nf6 9. O-O Bd6 10. b3 O-O 11. Bb2 Bxg3 12. fxg3 Nbd7 13. Qe2 Qa5 14. c4
Rfd8 15. Rfd1 Rac8 16. Rd3 h6 17. Rad1 b5 18. Bc3 Qa6 19. Ne5 Qb6 20. Kh1 b4
21. c5 Qb7 22. Bb2 Nxe5 23. Qxe5 Rd5 24. Qe3 Rf5 25. Qe2 Nd5 26. Rf1 Rxf1+ 27.
Qxf1 Qa6 28. Qb1 Rb8 29. Rf3 Rb5 30. Rf2 Ra5 31. Bc1 Nc3 32. Qc2 Rxa2 33. Bb2
Rxb2 34. Qxb2 Nd1 35. Qe2 Nxf2+ 36. Qxf2 Qd3 37. Qe1 Qxb3 38. h3 Qc3 39. Qd1 b3
40. Qb1 b2 41. Qe4 Qc1+ 42. Kh2 b1=Q 0-1

[Event "Ì13Ï"]
[Site "Loo"]
[Date "2017.04.24"]
[Round "5.45"]
[White "Ãàëêèí, Ëåîíèä."]
[Black "Ïåòðîâ, Ìàêñèì."]
[Result "0-1"]
[WhiteElo "1525"]
[BlackElo "1359"]
[PlyCount "56"]
[EventDate "2017.04.20"]

1. e4 c5 2. Nc3 e6 3. f4 d5 4. Nf3 Nc6 5. Bb5 Bd7 6. exd5 exd5 7. Nxd5 Bd6 8.
O-O Nge7 9. Nxe7 Bxe7 10. c3 O-O 11. Ba4 Bf6 12. Bc2 Ne7 13. Ne5 Be6 14. Ng4
Nf5 15. Nxf6+ Qxf6 16. d3 Qg6 17. Rf2 Bd5 18. d4 Qf6 19. g4 Nh4 20. g5 Qe6 21.
f5 Qe7 22. Bf4 Rfe8 23. f6 gxf6 24. Bxh7+ Kxh7 25. Qh5+ Kg8 26. Qxh4 Qe4 27.
Rd2 Qh1+ 28. Kf2 Qg2# 0-1

[Event "Ì13Ï"]
[Site "Loo"]
[Date "2017.04.24"]
[Round "5.47"]
[White "Ðåâà, Ëåâ."]
[Black "Êîíîòîï, Òèìîôåé."]
[Result "1-0"]
[WhiteElo "1558"]
[BlackElo "1397"]
[PlyCount "65"]
[EventDate "2017.04.20"]

1. d4 d5 2. c4 e6 3. Nc3 Nf6 4. Nf3 Nbd7 5. Bg5 c6 6. c5 Be7 7. e3 O-O 8. Bd3
Qc7 9. Bf4 Qd8 10. Qc2 b6 11. cxb6 axb6 12. O-O Bb7 13. a3 c5 14. Bb5 Nh5 15.
Bg3 Nxg3 16. hxg3 f6 17. Rad1 Qc7 18. e4 dxe4 19. Nxe4 Nb8 20. dxc5 e5 21. Qb3+
Kh8 22. Nd6 Bd8 23. cxb6 Qe7 24. Qc4 Bxb6 25. Nxb7 Qxb7 26. Qd5 Qa7 27. Rd2 Na6
28. Qb3 Rab8 29. Qa2 Rfc8 30. Rfd1 Rb7 31. Qd5 h6 32. Qe4 Rbc7 33. Rd8+ 1-0

[Event "Ì13Ï"]
[Site "Loo"]
[Date "2017.04.24"]
[Round "5.48"]
[White "Ëèëÿê, Àðñåíèé."]
[Black "Øåìàõàíîâ, Äàíèëà."]
[Result "1-0"]
[WhiteElo "1349"]
[BlackElo "1522"]
[PlyCount "73"]
[EventDate "2017.04.20"]

1. e4 e6 2. d3 d5 3. Nd2 Nf6 4. Ngf3 c5 5. g3 Nc6 6. Bg2 Be7 7. O-O O-O 8. Re1
b5 9. e5 Nd7 10. Nf1 Qc7 11. Bf4 a5 12. h4 Ba6 13. N1h2 b4 14. Ng5 h6 15. Ngf3
Nb6 16. Qd2 Kh7 17. g4 Na4 18. Qc1 c4 19. d4 Qb6 20. Be3 f6 21. g5 hxg5 22.
hxg5 f5 23. Nh4 g6 24. Rb1 Na7 25. Qd1 Qc6 26. Qf3 Kg7 27. Bf1 Bc8 28. Be2 Bd7
29. Nxg6 Kxg6 30. Qh5+ Kg7 31. Qh6+ Kg8 32. g6 Rf7 33. gxf7+ Kxf7 34. Bh5+ Kg8
35. Bg6 Be8 36. Qh7+ Kf8 37. Qh8# 1-0

[Event "Ì13Ï"]
[Site "Loo"]
[Date "2017.04.24"]
[Round "5.49"]
[White "Òàòàðöåâ, Àëåêñàíäð."]
[Black "Õàéðóëëèí, Àìèð."]
[Result "0-1"]
[WhiteElo "1346"]
[BlackElo "1518"]
[PlyCount "160"]
[EventDate "2017.04.20"]

1. d4 e6 2. c4 d5 3. Nc3 Nf6 4. Bg5 Be7 5. Nf3 b6 6. e3 Bb7 7. Bd3 Nbd7 8. O-O
O-O 9. a3 a5 10. Rb1 c5 11. cxd5 Nxd5 12. Bxe7 Qxe7 13. Qe2 cxd4 14. Nxd5 Bxd5
15. Nxd4 Nc5 16. Bb5 Rac8 17. f3 e5 18. Nf5 Qe6 19. Ng3 Nb3 20. Rfd1 Rc7 21.
Qd3 Bc4 22. Bxc4 Qxc4 23. Qxc4 Rxc4 24. Rd6 b5 25. Rd5 Rc5 26. Rbd1 f6 27. Rxc5
Nxc5 28. Rd5 Rc8 29. b4 Nb7 30. Rxb5 axb4 31. Rxb7 Rc1+ 32. Kf2 bxa3 33. Ra7
Rc2+ 34. Ne2 a2 35. e4 Rb2 36. Ke3 Rb3+ 37. Kf2 Rb2 38. g3 g5 39. Ke3 Rb3+ 40.
Kd2 Rb2+ 41. Kd3 h5 42. h3 h4 43. g4 Kf8 44. Nc3 Rh2 45. Rxa2 Rxh3 46. Ke3 Rh1
47. Rg2 h3 48. Rg3 h2 49. Ne2 Re1 50. Rh3 h1=Q 51. Rxh1 Rxh1 52. Kf2 Rh2+ 53.
Ke3 Ke7 54. Ng3 Ra2 55. Nh5 Ra6 56. Ng7 Kd6 57. Nh5 Kc5 58. Ng7 Kc4 59. Nf5
Ra3+ 60. Kf2 Kb3 61. Ke3 Kc2+ 62. Ke2 Rd3 63. Ng7 Rd7 64. Nh5 Rf7 65. Ng3 Rh7
66. Nh5 Rh6 67. Ng7 Rh2+ 68. Ke3 Kd1 69. Nh5 Re2+ 70. Kd3 Rd2+ 71. Ke3 Rd6 72.
Ng7 Ke1 73. Ne8 Re6 74. Ng7 Rc6 75. Kd3 Kf2 76. Nf5 Kxf3 77. Nh6 Rd6+ 78. Kc4
Kxe4 79. Nf7 Rd4+ 80. Kc5 Kf4 0-1

[Event "Ì13Ï"]
[Site "Loo"]
[Date "2017.04.24"]
[Round "5.50"]
[White "Æåðäåâ, Ñâÿòîñëàâ."]
[Black "Ãóñåâ, Àëåêñàíäð."]
[Result "1-0"]
[WhiteElo "1293"]
[BlackElo "1482"]
[PlyCount "61"]
[EventDate "2017.04.20"]

1. e4 c5 2. Nf3 Nc6 3. Bb5 g6 4. O-O Bg7 5. Re1 e6 6. c3 Nge7 7. d4 cxd4 8.
cxd4 Qb6 9. Bxc6 bxc6 10. Nc3 d5 11. e5 O-O 12. Na4 Qc7 13. Nc5 Bb7 14. Bd2 Nc8
15. Rc1 Nb6 16. b3 Nd7 17. Bb4 Rfc8 18. Rc3 Nxc5 19. Bxc5 Bf8 20. Qc1 Bxc5 21.
Rxc5 Kg7 22. Qf4 Qe7 23. Re3 Re8 24. h4 h6 25. Nh2 f5 26. exf6+ Qxf6 27. Qxf6+
Kxf6 28. Ng4+ Kg7 29. Ne5 Kf6 30. Rf3+ Kg7 31. Rf7+ 1-0